000 00631nam a2200241Ia 4500
003 OSt
005 20220924143500.0
006 a|||||r|||| 00| 0
007 ta
008 220923b |||||||| |||| 00| 0 urd d
024 _a308488
037 _cTextual
040 _aARTS
_cARTS
_burd
041 _2urd
_aurd
082 _aO142,3M60,1, 168H7
100 _aCherlcot
_9215942
245 0 _aNazarband
260 _c1947
650 _aRUSSIAN LITERATURE
_915056
700 _a Chabeel Daas Tr.
_9215943
942 _hO142,3M60,1, 168H7
_cTEXL
_2CC
999 _c454646
_d454646